[Event "Berlin-ch Seniors op 36th"]
[Site "Berlin"]
[Date "2020.01.28"]
[Round "1.12"]
[White "Kreutzkamp, Hans Rudolf"]
[Black "Prix, Siegfried"]
[Result "1/2-1/2"]
[WhiteElo "2061"]
[BlackElo "1753"]
[PlyCount "93"]
[EventDate "2020.01.28"]
[EventType "swiss"]
[EventRounds "9"]
[EventCountry "GER"]
[SourceTitle "EXT 2024"]
[Source "ChessBase"]
[SourceDate "2023.10.10"]
[SourceVersion "1"]
[SourceVersionDate "2023.10.10"]
[SourceQuality "1"]

1. e4 e5 2. Nf3 Nc6 3. Bc4 Bc5 4. 0-0 Nf6 5. d3 0-0 6. c3 d6 7. b4 Bb6 8. a4 a5 9. b5 Ne7 10. Qe2 c6 11. Ba3 Ng6 12. Qa2 Nf4 13. Bc1 Ne6 14. Na3 Nc5 15. Qc2 Bg4 16. Ne1 d5 17. exd5 cxd5 18. Ba2 Rc8 19. Bg5 Be6 20. Kh1 Qe7 21. Rc1 h6 22. Bxf6 Qxf6 23. Nb1 Qh4 24. f4 exf4 25. Nf3 Qf6 26. Nd4 g5 27. Nxe6 fxe6 28. Nd2 Qf5 29. Bb1 Rf7 30. Nf3 e5 31. Nxe5 Qxe5 32. d4 Qg7 33. dxc5 Bxc5 34. Ba2 Rd7 35. Rcd1 Rcd8 36. Rf3 Be3 37. Qf5 Qf7 38. Qd3 b6 39. Rdf1 Qh7 40. Rxe3 fxe3 41. Qxe3 Rd6 42. h3 Kh8 43. Rf3 Qe4 44. Qf2 Rg8 45. Rf5 Rg7 46. Rf8+ Rg8 47. Rf5 1/2-1/2

[Event "Berlin Eckbauer op 21st"]
[Site "Berlin"]
[Date "2018.11.05"]
[Round "4"]
[White "Schenk, Rafael"]
[Black "Prix, Siegfried"]
[Result "1/2-1/2"]
[WhiteElo "1761"]
[BlackElo "1719"]
[PlyCount "135"]
[EventDate "2018.10.08"]
[EventType "swiss"]
[EventRounds "7"]
[EventCountry "GER"]
[SourceTitle "CBM 189 Extra"]
[Source "ChessBase"]
[SourceDate "2019.06.03"]
[SourceVersion "1"]
[SourceVersionDate "2019.06.03"]
[SourceQuality "1"]

1. c4 e5 2. Nc3 Nf6 3. Nf3 Nc6 4. e3 d6 5. d4 exd4 6. Nxd4 Bd7 7. Be2 Nxd4 8. exd4 c6 9. d5 cxd5 10. cxd5 a6 11. 0-0 Be7 12. Re1 0-0 13. h3 Rc8 14. Qb3 Rb8 15. a4 Qa5 16. Bf4 Rfe8 17. Bf3 Bf8 18. Rec1 Bf5 19. Qa3 Qd8 20. a5 Qd7 21. Na4 Rbc8 22. Rxc8 Qxc8 23. Bxd6 Bxd6 24. Qxd6 Qc2 25. Qc5 Rd8 26. Qxc2 Bxc2 27. Nb6 Be4 28. Bxe4 Nxe4 29. Rc1 Kf8 30. f3 Nd6 31. Re1 Nb5 32. Kf2 g6 33. Re3 Nd4 34. Rc3 Nb5 35. Rc8 Rxc8 36. Nxc8 Ke8 37. Ke3 Kd7 38. Nb6+ Kd6 39. Ke4 f6 40. g4 g5 41. f4 h6 42. fxg5 hxg5 43. Kf5 Ke7 44. Kg6 Nd6 45. b3 Ne4 46. Nc4 Nf2 47. d6+ Kd7 48. Kxf6 Nxh3 49. Ne5+ Kxd6 50. Nf7+ Kc5 51. Nxg5 Nf2 52. Ne6+ Kb5 53. g5 Ne4+ 54. Kf5 Nxg5 55. Kxg5 Kxa5 56. Kf4 Kb4 57. Nd4 Kc3 58. Ke4 a5 59. Kd5 b5 60. Nxb5+ Kxb3 61. Kd4 a4 62. Kd3 Kb4 63. Nc3 a3 64. Kc2 Kc4 65. Nb1 a2 66. Nd2+ Kb4 67. Kb2 a1Q+ 68. Kxa1 1/2-1/2

[Event "Berlin Cup KO"]
[Site "Berlin"]
[Date "2018.08.30"]
[Round "1.1"]
[White "Prix, Siegfried"]
[Black "Gebert Vangeel, Ralf"]
[Result "0-1"]
[WhiteElo "1637"]
[BlackElo "2020"]
[PlyCount "96"]
[EventDate "2018.08.30"]
[EventType "k.o."]
[EventRounds "5"]
[EventCountry "GER"]
[SourceTitle "EXT 2022"]
[Source "ChessBase"]
[SourceDate "2021.10.06"]
[SourceVersion "1"]
[SourceVersionDate "2021.10.06"]
[SourceQuality "1"]

1. e4 e5 2. f4 Bc5 3. Nf3 d6 4. c3 Nf6 5. fxe5 dxe5 6. d4 exd4 7. cxd4 Bb4+ 8. Bd2 Bxd2+ 9. Nbxd2 0-0 10. Bc4 Bg4 11. Qc2 Nc6 12. d5 Nb4 13. Qb3 Qe7 14. 0-0 c6 15. d6 Qxd6 16. e5 Qc5+ 17. Kh1 Nfd5 18. a3 b5 19. axb4 bxc4 20. bxc5 cxb3 21. Nxb3 Ne3 22. Rf2 Be6 23. Nbd4 Bd5 24. Ra6 Rfc8 25. h3 Rc7 26. Re2 Bc4 27. Rxe3 Bxa6 28. e6 fxe6 29. Rxe6 Bb5 30. Ne5 Rac8 31. Nf5 Kf8 32. Nd6 Rd8 33. g4 Re7 34. Rxe7 Kxe7 35. Kg2 Rf8 36. Nf5+ Ke6 37. Nf3 g6 38. Ng5+ Ke5 39. Nd6 h5 40. gxh5 gxh5 41. h4 Kd5 42. b4 Rf4 43. Kg3 Rxb4 44. Nf5 a5 45. Ng7 Be2 46. Nf5 a4 47. Ne3+ Kxc5 48. Ne6+ Kb6 0-1

[Event "Berlin Lichtenberger op 17th"]
[Site "Berlin"]
[Date "2018.08.20"]
[Round "3"]
[White "Krieger, Fabian"]
[Black "Prix, Siegfried"]
[Result "1-0"]
[WhiteElo "1936"]
[BlackElo "1739"]
[PlyCount "71"]
[EventDate "2018.08.18"]
[EventType "swiss"]
[EventRounds "9"]
[EventCountry "GER"]
[SourceTitle "CBM 186 Extra"]
[Source "ChessBase"]
[SourceDate "2018.08.24"]
[SourceVersion "1"]
[SourceVersionDate "2018.08.24"]
[SourceQuality "1"]

1. c4 e5 2. g3 Nf6 3. Bg2 d5 4. cxd5 Nxd5 5. Nc3 Nb6 6. Nf3 Nc6 7. 0-0 Be7 8. Rb1 0-0 9. b4 Bxb4 10. Nxe5 Bxc3 11. Nxc6 bxc6 12. dxc3 Qxd1 13. Rxd1 Bb7 14. Bf4 Rad8 15. Bxc7 Rxd1+ 16. Rxd1 Nd5 17. Ba5 Re8 18. e4 Nf6 19. f4 c5 20. e5 Bxg2 21. Kxg2 Ng4 22. Rd7 f6 23. exf6 Nxf6 24. Rd8 Kf8 25. Rxe8+ Kxe8 26. Kf3 Kd7 27. c4 Ke6 28. Bc3 Ne8 29. Be5 g5 30. Ke4 gxf4 31. gxf4 h5 32. f5+ Kf7 33. Kd5 Nf6+ 34. Bxf6 Kxf6 35. Kxc5 Kxf5 36. Kd6 1-0

[Event "Berlin Lieb Memorial 4th"]
[Site "Berlin"]
[Date "2018.06.21"]
[Round "5"]
[White "Prix, Siegfried"]
[Black "Grosse Austing, Bernhard"]
[Result "1-0"]
[WhiteElo "1733"]
[BlackElo "1238"]
[PlyCount "47"]
[EventDate "2018.05.17"]
[EventType "swiss"]
[EventRounds "7"]
[EventCountry "GER"]
[SourceTitle "CBM 189 Extra"]
[Source "ChessBase"]
[SourceDate "2019.06.03"]
[SourceVersion "1"]
[SourceVersionDate "2019.06.03"]
[SourceQuality "1"]

1. e4 e6 2. d4 d5 3. Nc3 Bb4 4. Bd3 c5 5. exd5 exd5 6. dxc5 Nf6 7. Bg5 0-0 8. Nge2 a5 9. 0-0 Na6 10. Nxd5 Qxd5 11. Bxf6 gxf6 12. Bxh7+ Kxh7 13. Qxd5 Rg8 14. Qxf7+ Kh8 15. Qxf6+ Rg7 16. Ng3 Kg8 17. Rad1 Bd7 18. c3 Rf8 19. Qh6 Bxc5 20. Nh5 Rff7 21. Nxg7 Rxg7 22. Rfe1 Bf8 23. Rd3 Nc7 24. Qxg7+ 1-0

[Event "Berlin Lieb Memorial 4th"]
[Site "Berlin"]
[Date "2018.05.24"]
[Round "2"]
[White "Meinicke, Kurt"]
[Black "Prix, Siegfried"]
[Result "0-1"]
[WhiteElo "1512"]
[BlackElo "1733"]
[PlyCount "56"]
[EventDate "2018.05.17"]
[EventType "swiss"]
[EventRounds "7"]
[EventCountry "GER"]
[SourceTitle "CBM 189 Extra"]
[Source "ChessBase"]
[SourceDate "2019.06.03"]
[SourceVersion "1"]
[SourceVersionDate "2019.06.03"]
[SourceQuality "1"]

1. d4 d5 2. c4 c6 3. Nf3 Nf6 4. e3 Bg4 5. Be2 e6 6. 0-0 Bd6 7. c5 Bc7 8. b4 Ne4 9. Bb2 0-0 10. Nc3 Nxc3 11. Bxc3 a5 12. Qa4 Nd7 13. b5 cxb5 14. Qxb5 b6 15. Rfd1 bxc5 16. dxc5 Rb8 17. Qa4 Bf5 18. Qd4 Nf6 19. Ne5 Bxe5 20. Qxe5 Qe7 21. g4 Bg6 22. g5 Ne8 23. Rxd5 f6 24. Qxb8 exd5 25. gxf6 Nxf6 26. Qb5 Ne4 27. Bd4 Qg5+ 28. Kh1 Nxf2# 0-1

[Event "Berlin-ch Seniors op 34th"]
[Site "Berlin"]
[Date "2018.02.03"]
[Round "5"]
[White "Prix, Siegfried"]
[Black "Kohlmeyer, Dagobert"]
[Result "0-1"]
[WhiteElo "1752"]
[BlackElo "1858"]
[PlyCount "98"]
[EventDate "2018.01.30"]
[EventType "swiss"]
[EventRounds "9"]
[EventCountry "GER"]
[SourceTitle "EXT 2020"]
[Source "ChessBase"]
[SourceDate "2019.10.17"]
[SourceVersion "1"]
[SourceVersionDate "2019.10.17"]
[SourceQuality "1"]

1. e4 e6 2. d4 d5 3. Nc3 Bb4 4. Bd3 dxe4 5. Bxe4 Nf6 6. Bf3 c5 7. Nge2 0-0 8. 0-0 Bxc3 9. Nxc3 cxd4 10. Nb5 e5 11. Bg5 Nbd7 12. Nd6 Qc7 13. Ne4 Nxe4 14. Bxe4 Nc5 15. Bf3 h6 16. Bd2 f5 17. Bh5 Rd8 18. Re1 Ne4 19. Bb4 Be6 20. Bf3 Nf6 21. Be2 Rac8 22. Rc1 Nd5 23. Qd2 Qc6 24. Bf1 Nxb4 25. Qxb4 e4 26. Red1 Qd7 27. Bb5 Qd6 28. Qa4 a6 29. Bf1 b5 30. Qa5 Qc6 31. a3 Rd6 32. Qb4 Qb6 33. Qd2 Rcd8 34. Qb4 a5 35. Qxb5 Qxb5 36. Bxb5 Rb8 37. a4 f4 38. Rd2 e3 39. fxe3 fxe3 40. Re2 Bg4 41. Ree1 Rc8 42. h3 Bf5 43. Bd3 Bxd3 44. cxd3 Rxc1 45. Rxc1 Rb6 46. Rc2 Rb3 47. Kf1 Rxd3 48. Ke2 Rb3 49. Kf3 e2+ 0-1

[Event "Berlin-ch Seniors op 34th"]
[Site "Berlin"]
[Date "2018.02.01"]
[Round "3"]
[White "Trostel, Uwe"]
[Black "Prix, Siegfried"]
[Result "1-0"]
[WhiteElo "1879"]
[BlackElo "1752"]
[PlyCount "118"]
[EventDate "2018.01.30"]
[EventType "swiss"]
[EventRounds "9"]
[EventCountry "GER"]
[SourceTitle "EXT 2020"]
[Source "ChessBase"]
[SourceDate "2019.10.17"]
[SourceVersion "1"]
[SourceVersionDate "2019.10.17"]
[SourceQuality "1"]

1. d4 d5 2. c4 c6 3. Nf3 Nf6 4. e3 Bg4 5. Qb3 Qb6 6. Ne5 Bf5 7. Qxb6 axb6 8. Nc3 e6 9. cxd5 exd5 10. Bd3 Bxd3 11. Nxd3 Bd6 12. 0-0 0-0 13. Bd2 Re8 14. Rfc1 Nbd7 15. Ne2 Ne4 16. Be1 f5 17. f3 Nef6 18. Bf2 g5 19. Re1 Kg7 20. Bg3 Bxg3 21. Nxg3 Kg6 22. a3 Re7 23. Re2 Rae8 24. Rae1 c5 25. f4 Ng8 26. Ne5+ Nxe5 27. fxe5 c4 28. Rf1 Rf7 29. Ref2 Ne7 30. Ne2 h5 31. Nc3 Nc8 32. Nxd5 Re6 33. e4 f4 34. g3 f3 35. Rxf3 Rxf3 36. Rxf3 b5 37. Kf2 Na7 38. Rf6+ Rxf6+ 39. exf6 Kf7 40. Ke3 Nc6 41. e5 Ke6 42. Nc7+ Kd7 43. Nxb5 Nd8 44. d5 Nf7 45. e6+ Ke8 46. exf7+ Kxf7 47. Ke4 Kxf6 48. Nd6 c3 49. bxc3 h4 50. g4 h3 51. a4 b5 52. axb5 Ke7 53. Nf5+ Kd7 54. Ke5 Kc7 55. Ke6 Kd8 56. Kd6 Kc8 57. Ke7 Kb7 58. d6 Kc8 59. d7+ Kb8 1-0

[Event "Berlin Eckbauer op 20th"]
[Site "Berlin"]
[Date "2017.10.16"]
[Round "2"]
[White "Prix, Siegfried"]
[Black "Gerisch, Hans Dieter"]
[Result "1-0"]
[WhiteElo "1749"]
[BlackElo "1488"]
[PlyCount "78"]
[EventDate "2017.10.09"]
[EventType "swiss"]
[EventRounds "7"]
[EventCountry "GER"]
[SourceTitle "CBM 189 Extra"]
[Source "ChessBase"]
[SourceDate "2019.06.03"]
[SourceVersion "1"]
[SourceVersionDate "2019.06.03"]
[SourceQuality "1"]

1. e4 e5 2. Nf3 Nc6 3. Bb5 d6 4. d4 Bd7 5. 0-0 exd4 6. Nxd4 Nxd4 7. Bxd7+ Qxd7 8. Qxd4 Ne7 9. c4 Nc6 10. Qc3 0-0-0 11. Be3 a6 12. b4 Nb8 13. Rd1 f6 14. a4 Qe6 15. Nd2 Be7 16. b5 c6 17. Ba7 Kd7 18. Bb6 Rc8 19. Qd3 Ke8 20. Nf3 c5 21. bxa6 bxa6 22. Rab1 Nc6 23. Qd5 Kf7 24. Rd2 Rhe8 25. Qh5+ Kg8 26. Qd5 Bf8 27. h3 h6 28. Nh4 Qf7 29. Nf5 Re6 30. Rbd1 Kh8 31. Qd3 Rb8 32. a5 Rb7 33. Qd5 Nb8 34. Qd3 Nd7 35. Rb1 Ne5 36. Qd5 Qd7 37. f4 Nf7 38. Rbd1 Qc8 39. Kh2 Rd7 1-0

[Event "Berlin Eckbauer op 20th"]
[Site "Berlin"]
[Date "2017.10.09"]
[Round "1"]
[White "Albrecht, Rainer"]
[Black "Prix, Siegfried"]
[Result "1-0"]
[WhiteElo "2067"]
[BlackElo "1749"]
[PlyCount "91"]
[EventDate "2017.10.09"]
[EventType "swiss"]
[EventRounds "7"]
[EventCountry "GER"]
[SourceTitle "CBM 189 Extra"]
[Source "ChessBase"]
[SourceDate "2019.06.03"]
[SourceVersion "1"]
[SourceVersionDate "2019.06.03"]
[SourceQuality "1"]

1. d4 d5 2. Bf4 c5 3. e3 Nc6 4. c3 Qb6 5. Qb3 Nf6 6. Nd2 e6 7. Ngf3 Bd7 8. Be2 Be7 9. h3 0-0 10. 0-0 Rac8 11. Ne5 Qxb3 12. axb3 a6 13. dxc5 Nxe5 14. Bxe5 Rxc5 15. b4 Rcc8 16. Nb3 Ne4 17. Na5 Bc6 18. Bd4 Rfd8 19. Nxc6 Rxc6 20. b5 axb5 21. Bxb5 Rcc8 22. Bb6 Rf8 23. Ra7 Nc5 24. Rfa1 Rb8 25. f3 Rfc8 26. R7a3 Na6 27. b4 Nc7 28. Bd7 Na6 29. Bxc8 Rxc8 30. f4 Bf6 31. Bd4 Be7 32. Ra4 f6 33. b5 Nc7 34. c4 Kf7 35. Ra7 Rb8 36. Bb6 Ne8 37. c5 e5 38. fxe5 fxe5 39. Ra8 Rxa8 40. Rxa8 Nf6 41. Rb8 Nd7 42. Rxb7 Ke6 43. c6 Nxb6 44. Rxb6 Bc5 45. c7+ Kd7 46. c8Q+ 1-0

[Event "Berlin Lichtenberger op 16th"]
[Site "Berlin"]
[Date "2017.08.25"]
[Round "7"]
[White "Jess, Arne"]
[Black "Prix, Siegfried"]
[Result "1-0"]
[WhiteElo "1862"]
[BlackElo "1746"]
[PlyCount "111"]
[EventDate "2017.08.19"]
[EventType "swiss"]
[EventRounds "9"]
[EventCountry "GER"]
[SourceTitle "CBM 180 Extra"]
[Source "ChessBase"]
[SourceDate "2017.10.06"]
[SourceVersion "1"]
[SourceVersionDate "2017.10.06"]
[SourceQuality "1"]

1. e4 e5 2. Nc3 Nf6 3. f4 d5 4. fxe5 Nxe4 5. Nf3 Bg4 6. Qe2 Nxc3 7. dxc3 Nc6 8. Bf4 Qd7 9. 0-0-0 Qf5 10. Bg3 0-0-0 11. Qf2 Be7 12. Bd3 Qh5 13. Bb5 Qh6+ 14. Kb1 Kb8 15. h3 Bh5 16. Rhe1 Qe6 17. Bh2 b6 18. g4 Bg6 19. Qg3 Kb7 20. h4 Be4 21. Nd2 h5 22. Nxe4 dxe4 23. g5 Rd5 24. Rxd5 Qxd5 25. Bxc6+ Kxc6 26. Qe3 Rd8 27. a3 Bc5 28. Qe2 e3 29. b4 Be7 30. Qxe3 a5 31. Bf4 g6 32. Qg1 Qf3 33. Qh1 Qxh1 34. Rxh1 Kd5 35. Rf1 Ke6 36. Kb2 Rd5 37. Kb3 Bf8 38. Bg3 Bg7 39. c4 Rd4 40. Re1 axb4 41. axb4 Rd7 42. Re3 Rd1 43. Ka4 Rd4 44. Kb5 Bf8 45. c3 Rg4 46. c5 bxc5 47. bxc5 Kd7 48. Rd3+ Ke6 49. Bf2 Rf4 50. Rd2 Bg7 51. Re2 Rg4 52. Kc6 Rg2 53. Kxc7 Bxe5+ 54. Kb7 f6 55. c6 Kd6 56. c7 1-0

[Event "Berlin Lichtenberger op 16th"]
[Site "Berlin"]
[Date "2017.08.22"]
[Round "4"]
[White "Prix, Siegfried"]
[Black "Koetz, Andreas"]
[Result "1-0"]
[WhiteElo "1746"]
[BlackElo "1997"]
[PlyCount "30"]
[EventDate "2017.08.19"]
[EventType "swiss"]
[EventRounds "9"]
[EventCountry "GER"]
[SourceTitle "CBM 180 Extra"]
[Source "ChessBase"]
[SourceDate "2017.10.06"]
[SourceVersion "1"]
[SourceVersionDate "2017.10.06"]
[SourceQuality "1"]

1. e4 c5 2. c4 Nc6 3. Nf3 e5 4. d3 g6 5. Be2 Bg7 6. 0-0 Nge7 7. Nc3 0-0 8. b3 d6 9. a3 b6 10. Bd2 f5 11. Nd5 h6 12. b4 Nxd5 13. cxd5 Nd4 14. Nxd4 exd4 15. Qc1 Qe8 1-0

[Event "Berlin Lieb Memorial 3rd"]
[Site "Berlin"]
[Date "2017.06.22"]
[Round "5"]
[White "Lawrenz, Sebastian"]
[Black "Prix, Siegfried"]
[Result "1-0"]
[WhiteElo "1945"]
[BlackElo "1736"]
[PlyCount "29"]
[EventDate "2017.05.11"]
[EventType "swiss"]
[EventRounds "7"]
[EventCountry "GER"]
[SourceTitle "CBM 189 Extra"]
[Source "ChessBase"]
[SourceDate "2019.06.03"]
[SourceVersion "1"]
[SourceVersionDate "2019.06.03"]
[SourceQuality "1"]

1. e4 e5 2. Bc4 Nf6 3. d3 d5 4. exd5 Nxd5 5. Nf3 Nc6 6. Bg5 Qd6 7. Nbd2 f5 8. Bb3 b5 9. a4 f4 10. Qe2 Bg4 11. Qe4 Be6 12. axb5 h6 13. Ra6 hxg5 14. Rxc6 Nf6 15. Qg6+ 1-0

[Event "Berlin Lieb Memorial 3rd"]
[Site "Berlin"]
[Date "2017.05.18"]
[Round "2"]
[White "Prix, Siegfried"]
[Black "Gnass, Erhard"]
[Result "1/2-1/2"]
[WhiteElo "1736"]
[BlackElo "1515"]
[PlyCount "114"]
[EventDate "2017.05.11"]
[EventType "swiss"]
[EventRounds "7"]
[EventCountry "GER"]
[SourceTitle "CBM 189 Extra"]
[Source "ChessBase"]
[SourceDate "2019.06.03"]
[SourceVersion "1"]
[SourceVersionDate "2019.06.03"]
[SourceQuality "1"]

1. e4 e5 2. f4 d6 3. Nf3 Nc6 4. Bb5 Bd7 5. d3 Nge7 6. Nc3 Bg4 7. 0-0 Bxf3 8. Qxf3 a6 9. Ba4 b5 10. Bb3 f6 11. fxe5 Nxe5 12. Qh3 c5 13. Be3 c4 14. dxc4 Nxc4 15. Bxc4 bxc4 16. Qe6 Qd7 17. Qxc4 Qc6 18. Qe6 Qd7 19. Qxd7+ Kxd7 20. Rad1 Nc8 21. Rd5 Be7 22. Ra5 Bd8 23. Rd5 Bb6 24. Kf2 Bxe3+ 25. Kxe3 Nb6 26. Rd4 Rhe8 27. Rfd1 Re6 28. a4 Rc8 29. Kd3 Rce8 30. Rb4 Kc6 31. a5 Nd7 32. Rc4+ Kb7 33. Kd4 Ne5 34. Rb4+ Kc7 35. Nd5+ Kc8 36. Rb6 Nd7 37. Rc6+ Kb8 38. Nc3 Ne5 39. Rxa6 Nd7 40. b4 Kb7 41. b5 Nc5 42. Rb6+ Ka7 43. Re1 Rd8 44. Rc6 Re5 45. Rc7+ Kb8 46. Rxg7 Ne6+ 47. Kd3 Nxg7 48. Nd5 Ne6 49. g3 Nc5+ 50. Kd4 f5 51. a6 Ka7 52. Nf6 Kb6 53. c4 Rf8 54. Nd5+ Ka7 55. b6+ Ka8 56. Nc7+ Kb8 57. a7+ Kb7 1/2-1/2

[Event "Berlin-ch Seniors op 33rd"]
[Site "Berlin"]
[Date "2017.02.07"]
[Round "7"]
[White "Prix, Siegfried"]
[Black "Langner, Hans Rainer"]
[Result "1-0"]
[WhiteElo "1720"]
[BlackElo "1570"]
[PlyCount "139"]
[EventDate "2017.01.31"]
[EventType "swiss"]
[EventRounds "9"]
[EventCountry "GER"]
[SourceTitle "EXT 2019"]
[Source "ChessBase"]
[SourceDate "2018.10.10"]
[SourceVersion "1"]
[SourceVersionDate "2018.10.10"]
[SourceQuality "1"]

1. d4 d5 2. c4 e6 3. Nc3 c6 4. Nf3 Nd7 5. Bg5 Ngf6 6. e3 h6 7. Bh4 g5 8. Bg3 Nh5 9. Rc1 Nxg3 10. hxg3 Bg7 11. Bd3 Qc7 12. e4 g4 13. Nh4 h5 14. e5 dxc4 15. Bxc4 Nb6 16. Bb3 Bd7 17. Nb5 Qb8 18. Nd6+ Ke7 19. 0-0 Nc8 20. Ne4 Nb6 21. f3 Nd5 22. Bxd5 cxd5 23. Nd6 Rh6 24. fxg4 f6 25. exf6+ Rxf6 26. Ndf5+ exf5 27. Qe2+ Kf7 28. gxf5 Qe8 29. Qxh5+ Kg8 30. Qg5 Rc8 31. Rce1 Qf7 32. Ng6 Re8 33. Ne5 Qe7 34. g4 Bb5 35. Rf3 Qb4 36. Qe3 Rf7 37. g5 Bxe5 38. dxe5 Qg4 39. f6 Re6 40. Qc3 Bc6 41. Rg3 d4 42. Rxg4 dxc3 43. bxc3 Rc7 44. g6 Rc8 45. Rh4 Rf8 46. Kf2 Rexf6+ 47. exf6 Rxf6+ 48. Kg3 Kg7 49. Rg4 Rd6 50. Re7+ Kg8 51. Rd4 Rxg6+ 52. Kf4 Kf8 53. Rc7 Ke8 54. g4 Rf6+ 55. Ke5 Rf2 56. a4 a6 57. g5 Rg2 58. Ke6 Re2+ 59. Kf6 Kf8 60. Rd8+ Re8 61. Rxe8+ Kxe8 62. Ke6 Kd8 63. Rxc6 bxc6 64. Kf7 Kc7 65. g6 Kb6 66. g7 Ka5 67. g8Q Kxa4 68. Qa8 Kb5 69. c4+ Kxc4 70. Qxc6+ 1-0

[Event "Berlin Eckbauer op 19th"]
[Site "Berlin"]
[Date "2016.10.31"]
[Round "3"]
[White "Prix, Siegfried"]
[Black "Gerisch, Hans Dieter"]
[Result "1-0"]
[WhiteElo "1740"]
[BlackElo "1511"]
[PlyCount "41"]
[EventDate "2016.10.10"]
[EventType "swiss"]
[EventRounds "7"]
[EventCountry "GER"]
[SourceTitle "EXT 2022"]
[Source "ChessBase"]
[SourceDate "2021.10.06"]
[SourceVersion "1"]
[SourceVersionDate "2021.10.06"]
[SourceQuality "1"]

1. e4 e5 2. Nc3 Bc5 3. Nf3 d6 4. d4 exd4 5. Nxd4 Bd7 6. Bc4 Nc6 7. Be3 Nf6 8. 0-0 0-0 9. Qd2 Nxd4 10. Bxd4 Bxd4 11. Qxd4 Be6 12. Bxe6 fxe6 13. e5 Ne8 14. exd6 cxd6 15. Rad1 b6 16. Rfe1 Qf6 17. Qxf6 Rxf6 18. Ne4 Rf5 19. Nxd6 Nxd6 20. Rxd6 Raf8 21. f3 1-0

[Event "Berlin Lichtenberger op 15th"]
[Site "Berlin"]
[Date "2016.08.21"]
[Round "9"]
[White "Stein, Siegfried"]
[Black "Prix, Siegfried"]
[Result "1-0"]
[WhiteElo "1856"]
[BlackElo "1726"]
[PlyCount "65"]
[EventDate "2016.08.13"]
[EventType "swiss"]
[EventRounds "9"]
[EventCountry "GER"]
[SourceTitle "CBM 173 Extra"]
[Source "ChessBase"]
[SourceDate "2016.08.29"]
[SourceVersion "1"]
[SourceVersionDate "2016.08.29"]
[SourceQuality "1"]

1. e4 e5 2. Nc3 Nf6 3. Bc4 Bc5 4. d3 0-0 5. Nf3 d6 6. h3 Nc6 7. Bg5 Be6 8. Nd5 Bxd5 9. Bxd5 Qe7 10. c3 h6 11. Be3 Nxd5 12. exd5 Bxe3 13. fxe3 Nd8 14. e4 c6 15. c4 cxd5 16. cxd5 b6 17. Rc1 Nb7 18. b4 a5 19. a3 axb4 20. axb4 Ra2 21. 0-0 Rfa8 22. Rc2 b5 23. Rxa2 Rxa2 24. Qb3 Ra4 25. Rc1 Qd7 26. Qc3 Kf8 27. Qc8+ Qxc8 28. Rxc8+ Ke7 29. Rc7+ Kf6 30. Rxb7 Rxb4 31. Kf2 Rb2+ 32. Ke3 b4 33. Nd2 1-0

[Event "Berlin Lichtenberger op 15th"]
[Site "Berlin"]
[Date "2016.08.14"]
[Round "2"]
[White "Lieger, Lucas"]
[Black "Prix, Siegfried"]
[Result "0-1"]
[WhiteElo "1239"]
[BlackElo "1726"]
[PlyCount "58"]
[EventDate "2016.08.13"]
[EventType "swiss"]
[EventRounds "9"]
[EventCountry "GER"]
[SourceTitle "CBM 173 Extra"]
[Source "ChessBase"]
[SourceDate "2016.08.29"]
[SourceVersion "1"]
[SourceVersionDate "2016.08.29"]
[SourceQuality "1"]

1. d4 d5 2. Bf4 Nf6 3. h3 c5 4. Nf3 Nc6 5. e3 Qb6 6. b3 Bf5 7. c3 e6 8. Be2 Ne4 9. g4 Bg6 10. 0-0 Be7 11. Re1 Rc8 12. Qc1 0-0 13. Nbd2 Nd6 14. Qb2 Rfd8 15. Red1 a5 16. Qc1 Nb5 17. Nb1 cxd4 18. exd4 Bf6 19. Bxb5 Qxb5 20. Bg5 Bxg5 21. Nxg5 h6 22. Nf3 Qe2 23. Ne1 e5 24. dxe5 Nxe5 25. Rd2 Nf3+ 26. Nxf3 Qxf3 27. Kh2 Be4 28. Qg1 Bxb1 29. Rxb1 Qf4+ 0-1